Top 5 players on every Atlantic NHL team - Statistics

General Stats
  • This quiz has been taken 49 times
  • The average score is 25 of 40
Answer Stats
Hint Answer % Correct
Toronto Matthews
98%
Boston Marchand
91%
Toronto Marner
89%
Toronto Nylander
87%
Ottawa Tkachuk
87%
Florida Tkachuk
87%
Boston Pastrnak
83%
Florida Barkov
77%
Tampa Bay Kucherov
77%
Montreal Suzuki
77%
Toronto Tavares
77%
Montreal Caufield
72%
Florida Reinhart
72%
Detroit Larkin
70%
Boston Swayman
70%
Boston Mcavoy
68%
Tampa Bay Point
68%
Buffalo Dahlin
66%
Tampa Bay Hedman
64%
Buffalo Thompson
64%
Florida Bennett
62%
Montreal Hutson
62%
Ottawa Stutzle
62%
Tampa Bay Guentzel
60%
Ottawa ullmark
60%
Detroit Kane
57%
Detroit Raymond
57%
Detroit Seider
55%
Montreal Slafkovsky
55%
Florida Ekblad
53%
Ottawa Sanderson
51%
Ottawa Batherson
49%
Tampa Bay Vasilevsky
49%
Detroit Debrincat
47%
Buffalo Tuch
47%
Toronto Stolarz
43%
Montreal Matheson
40%
Buffalo Power
34%
Boston Zacha
28%
Buffalo Zucker
11%
No matching quizzes found
Score Distribution
Percent of People with Each Score
Percentile by Number Answered
Your Score History
You have not taken this quiz